Development disagreement (Record no. 68800)

MARC details
000 -LEADER
fixed length control field 01117cam a2200205 4500
001 - CONTROL NUMBER
control field WB3742-11
008 - FIXED-LENGTH DATA ELEMENTS--GENERAL INFORMATION
fixed length control field 011107n2001 000 0 eng u
035 ## - SYSTEM CONTROL NUMBER
System control number (Sirsi) u115513
245 ## - TITLE STATEMENT
Title Development disagreement
260 ## - PUBLICATION, DISTRIBUTION, ETC.
Date of publication, distribution, etc. 2001
490 ## - SERIES STATEMENT
Series statement Estates Gazette
Volume/sequential designation (0144) 3 November 2001, (1)
520 ## - SUMMARY, ETC.
Summary, etc. Second part of a discussion of "Liverpool City Council v Walton Group" - a wide-ranging dispute over the development agreement relating to a site in the centre of Liverpool (for part 1 see: WB3741-17). Among the key points drawn from the ruling are that: while a court will not imply a general obligation to co-operate, it can require a contracting party to facilitate specific aspects of a contract. Secondly, in this agreement there was an implied obligation to act reasonably when deciding whether to allow the development agreement to proceed to its next stage.
590 ## - LOCAL NOTE (RLIN)
Local note WB
650 ## - SUBJECT ADDED ENTRY--TOPICAL TERM
Topical term or geographic name entry element LIVERPOOL CITY COUNCIL V WALTON GROUP PLC
650 ## - SUBJECT ADDED ENTRY--TOPICAL TERM
Topical term or geographic name entry element DEVELOPMENT AGREEMENTS
650 ## - SUBJECT ADDED ENTRY--TOPICAL TERM
Topical term or geographic name entry element Contracts
9 (RLIN) 6232
650 ## - SUBJECT ADDED ENTRY--TOPICAL TERM
Topical term or geographic name entry element PLANNING CONDITIONS
690 ## - LOCAL SUBJECT ADDED ENTRY--TOPICAL TERM (OCLC, RLIN)
Topical term or geographic name as entry element PROPERTY-PROPERTY DEVELOPMENT
942 ## - ADDED ENTRY ELEMENTS (KOHA)
Suppress in OPAC 0
Holdings
Withdrawn status Lost status Source of classification or shelving scheme Damaged status Not for loan Home library Current library Shelving location Date acquired Total Checkouts Full call number Barcode Date last seen Copy number Price effective from Koha item type
    Dewey Decimal Classification     London London News article 07/11/2001   WB3742-11 115513-1001 06/08/2019 1 06/08/2019 News article